000 00994nam a22003017a 4500
001 BR8200610
003 BR-BrBNA
005 20230928091233.0
007 ta
008 230509b bl.||||| |||| 00| 0 por d
040 _aBR-BrBNA
_bpor
_cBiblioteca Nacional de Agricultura
041 _a(Por)
072 _aK00
_b/G514
090 _ K00 BR8200610
110 1 _aPrograma Nacional de Pesquisa Florestal, Brasilia, DF (Brasil);
_98045
110 1 _aEmpresa Brasileira de Pesquisa Agropecuaria, Brasilia, DF (Brasil)
245 1 _aRelatorio tecnico anual do Programa Nacional de Pesquisa Florestal (1980)[Brasil]
246 1 _a[Technical yearly report of the National Forest Research Program (1980)[Brazil]]
260 3 _aBrasilia, DF (Brasil):
_c1981.
300 _a186 p.
500 _a14 tables
650 _aFloresta
650 _aPesquisa florestal
650 _aPrograma de pesquisa
650 _aProjeto de pesquisa
909 _a202309
_bLucia
_c55
_dLucia Elande
942 _cBK
999 _c32981
_d32981